Вып. 98: Неклассические логики; Математические исследования

Podrobná bibliografie
Parent link:Математические исследования: [сборник статей]/ Академия наук Молдавской ССР (АН МССР), Институт математики с вычислительным центром (ИМсВЦ). Вып. 98: Неклассические логики.— , 1978-1992
Další autoři: Андрунакиевич В. А. (редактор)
Jazyk:ruština
Vydáno: 1987
Témata:
Médium: MixedMaterials Kniha
KOHA link:https://koha.lib.tpu.ru/cgi-bin/koha/opac-detail.pl?biblionumber=221745

MARC

LEADER 00000nam2a2200000 4500
001 221745
005 20231031195819.0
035 |a (RuTPU)RU\TPU\book\241924 
035 |a RU\TPU\book\241923 
090 |a 221745 
100 |a 20120913d1987 k y0rusy50 ca 
101 0 |a rus 
102 |a MD 
105 |a a z 001zy 
200 0 |a Вып. 98: Неклассические логики  |f отв. ред. В. А. Андрунакиевич 
210 |d 1987 
215 |a 156 с.  |c ил. 
320 |a Библиография в конце статей 
461 1 |0 (RuTPU)RU\TPU\book\32357  |t Математические исследования  |o [сборник статей]  |f Академия наук Молдавской ССР (АН МССР), Институт математики с вычислительным центром (ИМсВЦ)  |v Вып. 98: Неклассические логики  |d 1978-1992 
610 1 |a математика 
610 1 |a неклассические логики 
675 |a 51  |v 3 
702 1 |a Андрунакиевич  |b В. А.  |4 340 
801 1 |a RU  |b 63413507  |c 20111004 
801 2 |a RU  |b 63413507  |c 20130208  |g RCR 
942 |c BK